00399nam a2200109 a 450008200120000010000190001224501390003126000580017030000070022865000350023570000190027000a206 CHI aChinnaiah, T I aAn Examination of the History of the Henry Martyn Institute of Islamic Studies and Its Evaluation (From January 1st, 1930 to May 1975) aHyderabadbAndhra Christian Theological Collegec1975 a93 aHenry Martyn Institute-History1 aChinnaiah, T I